000 00487nam a2200193Ia 4500
005 20250423100118.0
008 250422s9999 xx 000 0 und d
020 _a9789789859542
050 _aP 91.3 .T47/
100 _aTernenge, Kusugh
245 0 _aMass communication research: methods, technical and procedures
250 _a2nd ed
260 _aAbuja
260 _bObama Publishers
260 _c2023
300 _a705 p
650 _aCommunication Research
942 _cBK
999 _c32321
_d32321